Govt. of
Madhya Pradesh

मध्‍य प्रदेश लोक सेवा आयोग मुख्‍य परीक्षा दर्पण मध्‍य प्रदेश में स्‍वतंत्रता आन्‍दोलन एवं भारतीय सांस्‍कृतिक विरासत (प्रश्‍न पत्र 1 खंड अ इकाई 4) By: संजय गुप्‍ता (Record no. 66325)

MARC details
000 -LEADER
fixed length control field 00832nam a22001577a 4500
003 - CONTROL NUMBER IDENTIFIER
control field macl
005 - DATE AND TIME OF LATEST TRANSACTION
control field 20231105151329.0
008 - FIXED-LENGTH DATA ELEMENTS--GENERAL INFORMATION
fixed length control field 231105b |||||||| |||| 00| 0 eng d
040 ## - CATALOGING SOURCE
Transcribing agency macl
082 ## - DEWEY DECIMAL CLASSIFICATION NUMBER
Classification number 333
100 ## - MAIN ENTRY--PERSONAL NAME
Personal name संजय गुप्‍ता
9 (RLIN) 82019
245 ## - TITLE STATEMENT
Title मध्‍य प्रदेश लोक सेवा आयोग मुख्‍य परीक्षा दर्पण मध्‍य प्रदेश में स्‍वतंत्रता आन्‍दोलन एवं भारतीय सांस्‍कृतिक विरासत (प्रश्‍न पत्र 1 खंड अ इकाई 4) By: संजय गुप्‍ता
260 ## - PUBLICATION, DISTRIBUTION, ETC. (IMPRINT)
Place of publication, distribution, etc. ग्‍वालियर
Name of publisher, distributor, etc. निर्माण IAS
Date of publication, distribution, etc. 2020
650 ## - SUBJECT ADDED ENTRY--TOPICAL TERM
Topical term or geographic name as entry element इतिहास
942 ## - ADDED ENTRY ELEMENTS (KOHA)
Source of classification or shelving scheme
Koha item type Hindi Books
Holdings
Withdrawn status Lost status Source of classification or shelving scheme Damaged status Not for loan Home library Current library Date acquired Cost, normal purchase price Total Checkouts Full call number Barcode Date last seen Date last checked out Price effective from Koha item type
          MACL MACL 05/11/2023 360.00 1 333 DPI001579 07/04/2024 04/04/2024 05/11/2023 Hindi Books